000
00275nam a22001217a 4500
008
170818b xxu||||| |||| 00| 0 eng d
041
_a
eng
080
_2
3RD
_a
51
100
_a
37
101
_a
MAT
245
_a
PREALGEBRA & INTRODUCTORY ALGEBRA
_c
LAIL,M.L
942
_2
udc
_c
BK
999
_c
24075
_d
24075